000 00538nam a2200145Ia 4500
008 140724s9999 xx 000 0 und d
050 _aLC 4713.4
_b.Y19 2012
100 _aYamamoto, Stephanie Jil C.
245 _aExploring the use of play to improve students with predominantly hyperactive type of ADHD /
_cStephanie Jil C. Yamamoto.
260 _aLas PiƱas, Philippines :
_bSouthville International School and Colleges,
_cc2012.
300 _a72 p. :
_bill. ;
_c28 cm.
521 _aSpecial Education
942 _cTH
999 _c228926
_d228926